000 00540nam a22001937a 4500
003 CEME
005 20210628202603.0
008 210122b xxu||||| |||| 00| 0 eng d
020 _a81-7808-651-4
040 _c.
082 _a510 GRI
100 _aGrimaldi, Ralph .P
_960620
245 _aDiscrete and combinatorial mathematics an applied introduction
250 _a4TH
260 _aNEW DELHI
_bPEARSON EDUCATION
_c2005
300 _aXIX,899 P
650 _aDISCRETE MATHEMATICS.COMBINATORIAL MATHEMATICS
_960621
942 _cBK
_2ddc
999 _c570307
_d570307